জুলাই গণ-অভ্যুত্থানের সাক্ষ্য /

Bibliographic Details
Other Authors: শরিফ, সাজ্জাদ
Format: Book
Language:Bengali
Published: ঢাকা : প্রথমা প্রকাশনা, ২০২৫ [দ্বিতীয় মুদ্রণ].
Subjects:
Classic Catalogue: View this record in Classic Catalogue
LEADER 01508nam a22003017a 4500
001 45718
003 BD-DhAAL
005 20260503172916.0
008 260430r20252025bg a|||| |||| 00| 0 ben d
020 |a 9789849917281 
040 |a BD-DhAAL  |c BD-DhAAL 
041 0 |a ben 
082 |a 320.95492  |2 23 
245 0 0 |a জুলাই গণ-অভ্যুত্থানের সাক্ষ্য /  |c সম্পাদক, সাজ্জাদ শরিফ. 
246 3 3 |a july gano-abhyutthaner shakhya 
260 |a ঢাকা :  |b প্রথমা প্রকাশনা,  |c ২০২৫ [দ্বিতীয় মুদ্রণ]. 
300 |a ১৪২ পৃষ্ঠা ;  |b চিত্র ;  |c ২২ সে.মি. 
500 |a প্রথম প্রকাশ 
526 8 |a BIGD  |x Nazim uddin Manager, Admin and logistics BIGD BRAC University. Course Name and No.: N/A 
541 1 |a Rokomri.com  |e 45718 
650 0 |a Political atrocities  |z Bangladesh.  |9 18071 
650 0 |a Students  |x Political activity  |z Bangladesh.  |9 17837 
651 |a Bangladesh  |x Politics and government. 
651 |a Bangladesh  |x Politics and government  |y 2024-  |9 57233 
700 1 |a শরিফ, সাজ্জাদ.  |9 60518 
942 |2 ddc  |c BK 
999 |c 47889  |d 47889 
952 |0 0  |1 0  |2 ddc  |4 0  |6 320_954920000000000_JUL  |7 0  |9 79144  |a BIGD  |b BIGD  |d 2026-04-20  |e Rokomari.com  |g 300.00  |l 0  |o 320.95492 JUL  |p 3050045718  |r 2026-04-20  |t 1  |v 600.00  |w 2026-04-20  |y BK  |x Requisitioned by Nazim uddin Manager, Admin and logistics BIGD, BRAC University.